00753nam a22002057a 4500003000900000005001700009008003000026020001500056040002500071082000700096100002700103245013600130260003700266300003000303590002900333910001400362942001400376952014000390999001700530DO-SdBNP20211019141509.0201124b 00| 0 eng d a9802074861 aDO-SdBNPbspacBNPHU 42221 aSchubert, Linda97739910aLa Hora Milagrosa : bun método de oración que cambiara tu vida /cLinda Schubert ; prefacio del Padre Robert DeGrandis, S. J.  aSanta Clara : bPaulinas,c1992. a47 p. : bil. ; c19 cm.  aInventariado, 2020 /LP  aLopérez 2ddccLBS1 00102ddc718MOaBNPHUbPDcHDd2020-11-24eDonado / Altagracia Yocasta Aquino l0oBNPHU PDp2021-27323r2020-11-24w2020-11-24yLBS1 c49198d49198